000 00216 a2200085 4500
020 _a9780521139212
082 _aJ 796.33409689 ABAN
100 _aABANG Walang M
_9137400
245 _aAfrican soccer stars & Legends MALAWI
999 _c751142
_d751141
942 _w392
_xVeronica Mrwebi
_y392
_zVeronica Mrwebi